012020000a220015700045000010004000000410008000040820021000122450092000332600059001253000020001845050641002046500050008459420007008959520125009029990017010272570 aSPA04aR 261.91 D41316d10aDistintivos denominacionales : 1995 / Adenir Nicolás Guerrero Bustamante... [et. al.] aMedellín, Colombia : Seminario Bíblico de Colombia a[pag. varía].00a- Asoc. de Iglesias Evangélicas del Caribe AIEC, Adenir Guerrero, Tania Lambis, Socorro Rosado, Eloy Zúñiga, - Alianza Cristiana Colombiana, Gustavo Puertas - Asambleas de Dios de Colombia, Roberto Oñate - Asoc. de Iglesias Bautistas Evangélicas de Colombia, Ricardo Higuera - Bautista del Sur, Edison Restrepo - Confraternidad Cristiana de Colombia, Carmen Emilce Contreras - Iglesia Evangélica Interamericana, Mirladis Calderon, Héctor Chavez, Prósculo José Romero, - Misión Panamericana, Uriel F. Giraldo, Carlos Zapata - Presbiteriana Cumberland, María Eugenia Rodas - Hermanos en Cristo. Juan Guillermo Gill14aIGLESIA - DENOMINACIONES \ IGLESIA - HISTORIA cBK 001031640708REFaFUSBCbFUSBCd2004-09-07l0oR 261.91 D41316d p8519r2022-04-27 00:00:00t1w2016-01-26yREFB0C3 c31794d31794